| 000 | 01340naa a22003377a 4500 | ||
|---|---|---|---|
| 001 | BR0806470 | ||
| 003 | BR-BrBNA | ||
| 005 | 20240918181933.0 | ||
| 007 | ta | ||
| 008 | 230509b bl.||||| |||| 00| 0 por d | ||
| 040 |
_aBR-BrBNA _bpor _cBiblioteca Nacional de Agricultura |
||
| 041 | _a(Pt) | ||
| 072 |
_aP06 _b0310 |
||
| 090 | _aP06 BR0806470 | ||
| 100 | 1 | _aLopes, R. | |
| 100 | 1 | _aCunha, R.N.V. da | |
| 100 | 1 | _aRodrigues, M. do R.L. | |
| 100 | 1 | _aTeixeira, P.C. | |
| 100 | 1 | _aRocha, R.N.C. de | |
| 100 | 1 | _aLima, W.A.A. de L. | |
| 245 | 1 |
_aPalmáceas _bpt. 8 Agroenergia |
|
| 260 | 3 |
_aBrasília, DF (Brasil): _c2008. |
|
| 500 | _aAlbuquerque, A.C.S. (ed.); Silva, A.G. da (ed.) Agricultura tropical; quatro décadas de inovações tecnológicas, institucionais e políticas Brasília, DF (Brasil): 2008. p. 767-786 (BR0806470-AM)P06 | ||
| 650 | _aRECURSO ENERGÉTICO | ||
| 650 | _aPLMEIRA OLEAGINOSA | ||
| 650 | _aDENDE | ||
| 650 | _aBIODIESEL | ||
| 773 | 0 |
_tAgricultura tropical; quatro décadas de inovações tecnológicas, institucionais e políticas _aAlbuquerque, A.C.S. (ed.); Silva, A.G. da (ed.). EMBRAPA Informação Tecnológica, Brasília, DF (Brasil) _b _wP06 BR0806470 _zISBN 978-85-7383-432-1 _gBrasília, DF (Brasil), 2008. p. 767-786 |
|
| 909 |
_a202404 _bLucia _c55 _dLucia Elande |
||
| 942 |
_cAM _2AGRIS |
||
| 999 |
_c327604 _d327604 |
||